La esperanza del universo

Salvato in:
Dettagli Bibliografici
Autore principale: Bolívar, Simón 1783-1830
Natura: Libro
Lingua:spagnolo
Pubblicazione: Mayenne Unesco 1983
Soggetti:
Tags: Aggiungi Tag
Nessun Tag, puoi essere il primo ad aggiungerne!!

MARC

LEADER 00000nam a2200000 a 4500
001 UCO2718
003 CL-VaPUC
008 000608e19830000FR |||||||||||||||||spa|d
082 0 4 |a 320.5  |b BOL  |2 21 
100 |a Bolívar, Simón   |d 1783-1830  |9 265422 
245 1 3 |a La esperanza del universo 
300 |a 308 p 
942 |c BK 
945 |d 20000608 00:00:00  |a rherrera 
260 |a Mayenne  |b Unesco  |c 1983 
600 0 |a Bolívar, Simón   |d 1783-1830  |9 265422 
650 7 |a FILOSOFIA POLITICA  |2 CL-VaPUC  |9 446273 
651 0 |a América Latina   |9 255027 
583 |a last modification  |c 20160913 11:23:51  |k Rodrigo Vera 
999 |c 289216  |d 289214 
952 |0 0  |1 0  |4 0  |6 320_500000000000000_BOL_1983  |7 0  |8 A  |9 337448  |a BIBHIS  |b BIBHIS  |d 2019-11-20  |i 1289632  |o 320.5 BOL 1983  |p 1289632  |r 2025-01-20  |w 2019-11-20  |y BK  |k HIS